Los Angeles Lakers 2023-24 Roster - Statistics

General Stats
  • This quiz has been taken 59 times
  • The average score is 11 of 17
Answer Stats
Hint Answer % Correct
#3 Anthony Davis
100%
#23 LeBron James
100%
#15 Austin Reaves
93%
#1 D'Angelo Russell
91%
#28 Rui Hachimura
79%
#2 Jarred Vanderbilt
67%
#5 Cam Reddish
65%
#35 Christian Wood
65%
#7 Gabe Vincent
65%
#12 Taurean Prince
65%
#11 Jaxson Hayes
60%
#0 Jalen Hood-Schifino
51%
#10 Max Christie
51%
#21 Maxwell Lewis
35%
#17 Alex Fudge
26%
#14 Colin Castleton
26%
#55 D'Moi Hodge
26%
No matching quizzes found
Score Distribution
Percent of People with Each Score
Percentile by Number Answered
Your Score History
You have not taken this quiz